000 00600nam a22001937a 4500
005 20260525143432.0
020 _a9780333935033
041 _aENG
082 _a658.4033
_bSHA
100 _aSharma, J. K.
245 _aQuantitative techniques for managerial decisions /
_c J. K. Sharma.
260 _aDelhi :
_b Macmillan Publishers India ,
_c2001.
300 _axix, 908 pages ;
_c24 cm.
504 _aIncludes bibliographical references and index.
650 _aManagement science.
650 _aDecision making
_x Mathematical models.
650 _aQuantitative techniques.
942 _2ddc
_cBK
999 _c24354
_d24354